000 01387nam a22002897i 4500
999 _c23618
_d23618
003 AR-CdUCM
008 260422b20192019 d|||| |||| 00| 0 spa d
020 _a978-612-304-582-1
040 _aMUNICIPALIDAD PROVINCIAL DEL CUSCO
_cBIBLIOTECA MUNICIPAL DEL CUSCO
041 _hspa
082 _a629.892
_bO64
100 _aOrellano Benancio, Lizbardo
_952636
245 _aArduino :
_bElectrónica, programación real y simulada /
260 _aLima, Perú :
_bEmpresa Editora Macro E.I.R.L.
_c2019
300 _a100 páginas. :
_c17,5x25 cm.
500 _zBibliografía : página 101
505 _aLa robótica y los robots reciclados -- Instalación y configuración de un Arduino físico -- El simulador virtual -- La electricidad y los tipos de materiales -- Electrónica analógica y circuitos simulados -- Electrónica digital y circuitos simulados -- Arduino simulado y sus salidas digitales -- La potencia eléctrica y entradas analógicas con Arduino -- Tipo de radiaciones y aplicaciones con el sensor PIR -- Los sensores fotoeléctricos LDR y el robot CartBot
650 _aRobótica
_952637
650 _aReciclaje
_952638
650 _aElectrónica
_952639
650 _aProgramación
_91895
650 _aElectricidad
_915840
650 _aPotencia eléctrica
_952640
856 _fwww.editorialmacro.com
942 _2ddc
_cLIBROS
945 _aesh
_d22-04-2026